000 00957nam a2200277 i 4500
001 000045149
003 DO-SdBNP
005 20250303091415.0
007 ta
008 110324s2001 dr 000 0 spa d
040 _aDO-SdBNP
_bspa
_cBNPHU
_erda
082 4 _222
_axxx
_bxxx
100 1 _aDe la Rosa, Víctor,
_eautor
_4aut.
_921617
245 1 0 _aCurso de contabilidad para el segundo nivel :
_bteoría y práctica, pregungas y problemas /
_cVíctor R. De la Rosa, Damaso A. Toribio L., Luis E. Madrigal.
264 1 _aSanto Domingo :
_bMaxy,
_c2001.
300 _a221 páginas ;
_c23 cm.
336 _atexto
_btxt
_2rdacontent
337 _asin mediación
_bn
_2rdamedia
338 _avolumen
_bnc
_2rdacarrier
500 _aNueva edición
504 _aBibliografía : páginas 221
590 _aInventariado, 2025/BT
700 1 _aToribio L., Damaso A.,
_eautor
_4aut.
_921615
700 1 _aMadrigal, Luis E.,
_eautor
_4aut.
_921616
942 _2ddc
_cLBS1
999 _c44638
_d44638